<?xml version="1.0" encoding="UTF-8"?>
<marc:record xmlns:marc="http://www.loc.gov/MARC21/slim">
   <marc:leader>00000nam a2200000 a 4500</marc:leader>
   <marc:datafield ind1="1" ind2=" " tag="100">
      <marc:subfield code="a">Parks, Adele</marc:subfield>
      <marc:subfield code="4">aut</marc:subfield>
      <marc:subfield code="e">Verfasser/-in</marc:subfield>
   </marc:datafield>
   <marc:datafield ind1="0" ind2="0" tag="245">
      <marc:subfield code="a">Bei deinem Leben</marc:subfield>
   </marc:datafield>
   <marc:datafield ind1="0" ind2="0" tag="245">
      <marc:subfield code="b">Roman</marc:subfield>
   </marc:datafield>
   <marc:datafield ind1="0" ind2="0" tag="245">
      <marc:subfield code="c">Adele Parks ; aus dem Englischen von Birgit Salzmann</marc:subfield>
   </marc:datafield>
   <marc:datafield ind1=" " ind2="1" tag="264">
      <marc:subfield code="a">Hamburg</marc:subfield>
      <marc:subfield code="b">Harper Collins</marc:subfield>
      <marc:subfield code="c">2018</marc:subfield>
   </marc:datafield>
   <marc:datafield ind1=" " ind2=" " tag="250">
      <marc:subfield code="a">1. Auflage, deutsche Erstausgabe</marc:subfield>
   </marc:datafield>
   <marc:datafield ind1="1" ind2=" " tag="520">
      <marc:subfield code="a">Angaben aus der Verlagsmeldung

Bei deinem Leben The Image of You / von Adele Parks

Anna war stets die gute Schwester. Anders als Zoe, die Rebellin. Doch die Zwillinge hatten immer eine enge Verbindung zueinander. Als Anna über ein Datingportal im Internet Nick kennenlernt, ist Zoe skeptisch. Sie traut dem neuen Freund ihrer Schwester nicht. Bereits nach kurzer Zeit macht Nick Anna einen Heiratsantrag. Höchste Zeit für Zoe, Nick kennenzulernen und ihn zu testen. Ist er Anna wirklich treu? Zoe will ihre Schwester vor einem Fehler bewahren, doch sie verliebt sich ebenfalls in Nick und beginnt eine Affäre mit ihm. Was als leichtsinniges Spiel beginnt, entwickelt sich schnell zu einem tödlichen Geflecht aus Intrigen und mörderischen Lügen.

»Packend, voller Überraschungen und herzzerreißend - diese Geschichte ist außergewöhnlich.«

Heat
</marc:subfield>
   </marc:datafield>
   <marc:datafield ind1=" " ind2=" " tag="020">
      <marc:subfield code="a">9783959671972</marc:subfield>
      <marc:subfield code="9">9783959671972</marc:subfield>
   </marc:datafield>
   <marc:datafield ind1=" " ind2=" " tag="020">
      <marc:subfield code="a">3959671970</marc:subfield>
      <marc:subfield code="9">3959671970</marc:subfield>
   </marc:datafield>
   <marc:datafield ind1=" " ind2=" " tag="041">
      <marc:subfield code="a">ger</marc:subfield>
   </marc:datafield>
   <marc:datafield ind1=" " ind2=" " tag="300">
      <marc:subfield code="a">463 Seiten</marc:subfield>
   </marc:datafield>
</marc:record>
